Phân tích hiệu quả tài chính trong khai thác hải sản xa bờ tại tỉnh Kiên Giang : Luận văn thạc sỹ kinh tế chuyên ngành kinh tế nông nghiệp

Đề tài phân tích hiện trạng và đề xuất một số giải pháp với các nghề khai thác hải sản xa bờ chủ yếu của tỉnh như: lưới kéo đơn, lưới kéo đôi, lưới rê và lưới vây...

Saved in:
Bibliographic Details
Main Author: Châu, Thị Minh Quyên
Format: Book
Language:Undetermined
Published: Cần Thơ Trường Đại học Cần Thơ 2012
Subjects:
Tags: Add Tag
No Tags, Be the first to tag this record!
Institutions: Trung tâm Học liệu Trường Đại học Cần Thơ
LEADER 01164nam a2200229Ia 4500
001 CTU_173734
008 210402s9999 xx 000 0 und d
082 |a 338.3713 
082 |b Qu603 
088 |a 60620115 
100 |a Châu, Thị Minh Quyên 
245 0 |a Phân tích hiệu quả tài chính trong khai thác hải sản xa bờ tại tỉnh Kiên Giang : 
245 0 |b Luận văn thạc sỹ kinh tế chuyên ngành kinh tế nông nghiệp 
245 0 |c Châu Thị Minh Quyên ; Lê Xuân Sinh (Hướng dẫn khoa học) 
260 |a Cần Thơ 
260 |b Trường Đại học Cần Thơ 
260 |c 2012 
520 |a Đề tài phân tích hiện trạng và đề xuất một số giải pháp với các nghề khai thác hải sản xa bờ chủ yếu của tỉnh như: lưới kéo đơn, lưới kéo đôi, lưới rê và lưới vây... 
650 |a Fisheries,Thủy sản 
650 |x Economic aspects,Khía cạnh kinh tế 
904 |i thúy phượng,Hải 
980 |a Trung tâm Học liệu Trường Đại học Cần Thơ